000 00484cam a22001337a 4500
008 180718b1985 xxu||||| |||| 00| 0 eng d
082 _aPROJ.REP. 1985/TIW
100 _aTiwari, R.K.
245 _aDeveloping training curriculum for field functionaries of directorate of resettlement Narmada planning agency
_cby R.K. Tiwari
260 _aNew Delhi
_bIndian Institute of Public Administration
_c1985
300 _a40p.
440 _aIIPA Working Paper, 1985: 6
650 _aWater supply
999 _c492363
_d492363